000 02047nam0a2200373 4500
001 RU\NLR\bibl\1039934
005 20260405222838.0
021 _aRU
_b2006-81474
_94129
035 _a(nilc)RSL-KNO-002999015
035 _a(NLR Aleph) 001027337
090 _a736590
_c736590
100 _a20061219d2006 |||y0rusy50 ca
101 0 _arus
102 _aRU
105 _aa z |||||
106 _ar
200 1 _aПрактический психолог: актуальные аспекты деятельности в системе образования
_eучеб.-методическое пособие
_fН.В. Вязовова, И.В. Смолярчук
_gФедеральное агентство по образованию, Тамбовский гос. ун-т им. Г. Р. Державина
210 _aТамбов
_cИзд-во ТГУ
_d2006
_eТамбов
_gА-ЭлитА
215 _a428 с.
_cил., табл.
_d20
320 _aБиблиогр. в конце гл.
606 1 _aДети
_jУчебно-методические пособия для высших учебных заведений
_xПсихологическое консультирование
_92140234
_3RU\NLR\auth\661290058
610 0 _aПсихология -- Детская психология -- Отрасли детской психологии -- Консультативная психология по проблемам психики детей -- Учебно-методическое пособие для высшей школы
610 0 _aшкольный психолог
686 _aЮ984.92я73-14
_2rubbk
686 _aЮ984.92я73
700 1 _4070
_7ca
_8rus
_aВязовова
_bН. В.
_gНаталия Владимировна
_983995
_3RU\NLR\auth\77101069
701 1 _aСмолярчук
_bИ. В.
_gИнесса Викторовна
_4070
801 0 _aRU
_bРКП
_c20061219
_grcr
801 1 _aRU
_bРГБ
_c20061219
801 2 _aRU
_bNLR
_c20070202
_grcr
942 _cBOOK
980 _aNB
980 _aNBR